| 000 | 01703cam a2200361 i 4500 | ||
|---|---|---|---|
| 003 | SA-RiAUC | ||
| 005 | 20250415053114.0 | ||
| 008 | 250413s2014 jo f b 000 0 ara c | ||
| 020 | _a9789957801328 | ||
| 040 |
_aSA-MaUQU _bara _cSA-RiAUC _erda |
||
| 043 | _aa-jo--- | ||
| 082 | 0 | 4 |
_a346.5 _qSA-RiAUC |
| 090 |
_a346.5 _bق و ا |
||
| 100 | 1 |
_aالقواسمي، أمل يوسف _eمؤلف. |
|
| 245 | 1 | 2 |
_aالآثار الشرعية والقانونية للضرر المعنوي : _bدراسة مقارنة / _cأمل يوسف عمر القواسمي ؛ إشراف محمد نعيم ياسين. |
| 250 | _aالطبعة الأولى. | ||
| 264 | 1 |
_aعمان، الأردن : _bدار النفائس للنشر والتوزيع، _c2014 |
|
| 300 |
_a184 صفحة ؛ _c24 × 17 سم |
||
| 336 |
_aنص _btxt _2rdacontent _3كتاب |
||
| 337 |
_aبدون وسيط _bn _2rdamedia |
||
| 338 |
_aمجلد _bnc _2rdacarrier |
||
| 500 | _aالأصل أطروحة دكتوراه-الجامعة الأردنية، كلية الدراسات العليا. | ||
| 504 | _aيشتمل على إرجاعات ببليوجرافية. | ||
| 504 | _aببليوجرافية : صفحة 163-179. | ||
| 520 | 0 | _aفي الفقه وأصوله. | |
| 650 | 7 |
_aالأضرار (فقه إسلامي) _zالأردن _2aucsh |
|
| 650 | 7 |
_aالتعويضات (فقه إسلامي) _zالأردن _2aucsh |
|
| 650 | 7 |
_aالتعويضات _xقوانين وتشريعات _zالأردن _2aucsh |
|
| 650 | 7 |
_aالأضرار _xقوانين وتشريعات _zالأردن _2aucsh |
|
| 700 | 1 |
_aياسين، محمد نعيم عبد السلام _eمشرف. |
|
| 942 |
_2ddc _cBOOK _n0 |
||
| 949 |
_aSA-JeALM _d250413 _umohamedma123 _n1 |
||
| 999 |
_c7023 _d7023 |
||